The Scarlet Letter

Gespeichert in:
Bibliographische Detailangaben
1. Verfasser: Hawthorne, Nathaniel
Format: Buch
Sprache:Undetermined
Veröffentlicht: Estados Unidos Bantam Books 1989
Schlagworte:
Tags: Tag hinzufügen
Keine Tags, Fügen Sie den ersten Tag hinzu!

MARC

LEADER 00000nam a2200000Ia 4500
008 170316s9999 xx 000 0 und d
090 |a 810 H-10s 
100 |a Hawthorne, Nathaniel 
245 4 |a The Scarlet Letter 
260 |a Estados Unidos 
260 |b Bantam Books 
260 |c 1989 
300 |a 244 páginas 
650 |a LITERATURA ESTADOUNIDENSE 
999 |c 5702  |d 5702 
040 |a cru BVZT 
942 |c 15 D  |h 810 H-10s  |2 z